Diccionario conceptual de informática y comunicaciones /

Guardado en:
Autor Principal: Rincón, Antonio.
Otros Autores: Plárago, Julio M.
Formato: Libro
Idioma:Multiple
Publicado: Madrid : Editorial Paraninfo, c1998.
Materias:
Etiquetas: Agregar Etiqueta
Sin Etiquetas, Sea el primero en etiquetar este registro!
LEADER 00756nam a22002055 4500
001 EAD.ead002039
008 080718s1998####sp#######d####000#0#mul#d
005 20111013154436.0
245 1 0 |a Diccionario conceptual de informática y comunicaciones /  |c Antonio Rincón, Julio M. Plárago. 
260 |a Madrid :  |b Editorial Paraninfo,  |c c1998. 
300 |a 616 p. ;  |c 24 cm. 
500 |a Incluye léxico francés-español-inglés, inglés-español-francés. 
020 |a 8428324441 
100 1 |a Rincón, Antonio. 
700 1 |a Plárago, Julio M.  |p (Julio María) 
082 0 4 |a 004.03  |2 21 
650 7 |a Informática.  |2 unbist 
650 7 |a Comunicaciones.  |2 unbist 
650 7 |a Diccionarios.  |2 unbist 
859 |a AR-BaBDC  |b BIB. ADMINISTRACION - Consulta  |h 004.03  |i R471  |k C  |p b04027